[Event "Sampa Chess Open 2024"]
[Site "Sao Paulo"]
[Date "2024.01.30"]
[Round "3.52"]
[White "Gazineu Neto, Rubens"]
[Black "Parijos De Melo, Luiz Claudio"]
[Result "1-0"]
[WhiteElo "1912"]
[BlackElo "1720"]
[PlyCount "63"]
[EventDate "2024.01.29"]
[EventRounds "9"]
[EventCountry "BRA"]

1. c4 Nf6 2. Nf3 c5 3. g3 b6 4. Bg2 Bb7 5. O-O e6 6. Nc3 Be7 7. d3 O-O 8. e4 d6
9. Re1 Nbd7 10. d4 cxd4 11. Nxd4 a6 12. b3 Qc7 13. Bb2 Rac8 14. h3 $146 ({RR} 
14. Rc1 Rfd8 15. h3 Bf8 16. Qe2 g6 17. Qe3 Qb8 18. f3 e5 19. Nc2 d5 20. Qe2 d4
21. Nd5 Nxd5 22. exd5 b5 23. Rf1 bxc4 24. bxc4 Bxd5 25. Nxd4 exd4 26. cxd5 Qxg3
27. Bxd4 Bd6 28. Rfe1 Rxc1 {Bullig,R (1772)-Kornrumpf,J (2046) Berlin 2015 0-1
(50)}) ({RR} 14. Qe2 Rfd8 15. Rad1 Bf8 16. f4 h5 17. h3 e5 18. Nf3 exf4 19.
gxf4 Re8 20. Qc2 b5 21. Nd2 bxc4 22. Nxc4 d5 23. Nxd5 Nxd5 24. exd5 Qxf4 25.
Rxe8 Rxe8 26. d6 Bxg2 27. Qxg2 Re6 28. Rf1 Qh4 {Gudath,R (2020)-Hermann,T 
(2000) Germany 1988 1/2-1/2 (34)}) ({RR} 14. Qe2 Qb8 15. Rad1 Rfd8 16. f4 Bf8
17. Kh1 Qa8 18. Nc2 Nc5 19. Rd4 Bc6 20. Nb4 Bb7 21. Red1 e5 22. fxe5 dxe5 23.
Rxd8 Rxd8 24. Nbd5 Nxd5 25. Nxd5 Bxd5 26. exd5 Bd6 27. Rf1 Qc8 28. Be4 {
1/2-1/2 (28) Overesch,A (1948)-Beutelhoff,J (2129) Germany 2011}) 14... Rfd8
15. Kh2 Bf8 16. Rc1 Qb8 17. Qd2 d5 18. exd5 exd5 19. cxd5 Qa8 20. Nf5 Nc5 21.
Rcd1 b5 22. b4 Ncd7 23. Qg5 Qa7 24. Nh6+ Kh8 25. Nxf7+ Kg8 26. Nxd8 Rxd8 27.
Ne4 Bxb4 28. Nxf6+ Nxf6 29. Bxf6 Bxd5 30. Bxd5+ Kh8 31. Bxg7+ Qxg7 32. Qxd8+
1-0

[Event "Sampa Chess Open 2024"]
[Site "Sao Paulo"]
[Date "2024.01.30"]
[Round "3.53"]
[White "Miragaia, Pedro Maddi Damian"]
[Black "De Paula, Luan Araujo"]
[Result "0-1"]
[WhiteElo "1769"]
[BlackElo "1863"]
[PlyCount "84"]
[EventDate "2024.01.29"]
[EventRounds "9"]
[EventCountry "BRA"]

1. d4 Nf6 2. Nc3 d5 3. Bf4 c6 4. e3 Bf5 5. f3 e6 6. g4 Bg6 7. h4 h5 8. g5 Nfd7
({RR} 8... Ng8 9. Bd3 Bxd3 10. Qxd3 Ne7 11. e4 Ng6 12. Be3 dxe4 13. fxe4 Bd6
14. O-O-O Nd7 15. Nge2 Qa5 16. Rhf1 Rf8 17. e5 Bb4 18. Rf3 Nxh4 19. Rh3 Nf5 20.
Rxh5 O-O-O 21. Rdh1 Nxe5 22. Qe4 Nc4 23. Bf4 {Fiorito,F (2362)-Cramling Bellon,
A (2057) chess.com INT 2022 1-0 (59)}) 9. Qd2 ({RR} 9. Bd3 Bxd3 10. Qxd3 g6 11.
Nge2 Bg7 12. Bd6 Nb6 13. Bc5 N8d7 14. Bd6 Nc4 15. Ba3 Qa5 16. O-O Nxa3 17. bxa3
Qxa3 18. Rfb1 b5 19. Nf4 Qd6 20. a4 e5 21. axb5 exf4 22. bxc6 Qxc6 23. Ra6 Qc4
{Grandelius,N (2643)-Bologan,V (2640) Doha 2016 1-0 (49)}) 9... Qa5 10. a3 $146
({RR} 10. Nh3 Bb4 11. Bxb8 Rxb8 12. Nf4 Bf5 13. Bg2 Nb6 14. Nfe2 Nc4 15. Qc1 e5
16. dxe5 Nxe5 17. O-O Nc4 18. a3 Bxc3 19. Nxc3 O-O 20. Nd1 Rfe8 21. b3 Nd6 22.
b4 Qb6 23. Re1 Nc4 24. Kf2 d4 {Nabaty,T (2582)-Zpevak,P (2379) Pardubice 2012
0-1 (34)}) 10... b5 11. Na2 Qb6 12. b4 a5 13. c3 Be7 14. Qh2 axb4 15. axb4 Ra3
16. Bc7 Qa7 17. Ba5 e5 18. Qb2 Ra4 19. Be2 O-O 20. Bd1 Rxa5 21. bxa5 Qxa5 22.
Nb4 Qb6 23. Ne2 f6 24. f4 Be4 25. Rf1 fxg5 26. fxg5 Rxf1+ 27. Kxf1 c5 28. Nc2
Qe6 29. Ng1 exd4 30. cxd4 Qf5+ 31. Ke1 c4 32. Nb4 Bd6 33. Bxh5 Qf8 34. Nxd5
Bxd5 35. Qxb5 Bg3+ 36. Kd2 Qf2+ 37. Be2 c3+ 38. Kd3 Qf5+ 39. Kxc3 Qe6 40. Kd2
Bxh4 41. Nf3 Bg3 42. Ra6 Nxa6 0-1

[Event "Sampa Chess Open 2024"]
[Site "Sao Paulo"]
[Date "2024.01.30"]
[Round "3.54"]
[White "Bonilla Viamonte, Diego Armando"]
[Black "Dos Santos, Rafaela Alves"]
[Result "1-0"]
[WhiteElo "1620"]
[BlackElo "1800"]
[PlyCount "57"]
[EventDate "2024.01.29"]
[EventRounds "9"]
[EventCountry "BRA"]

1. c4 e5 2. Nc3 Nf6 3. d3 d5 4. cxd5 Nxd5 5. g3 Nxc3 6. bxc3 Nc6 7. Bg2 Bd6 8.
Nf3 h6 $146 ({RR} 8... a6 9. O-O O-O 10. Nd2 Ne7 11. Nc4 c6 12. a4 Be6 13. Nxd6
Qxd6 14. Ba3 Qc7 15. c4 f5 16. a5 Rad8 17. Qc2 Rf7 18. Bc5 Ra8 19. Rfb1 f4 20.
Rb2 fxg3 21. hxg3 Nf5 22. Qc3 Nd4 23. Bxd4 {Adaszewski,P (1706)-Bartoszewski,T
Szklarska Poreba 2011 1-0}) 9. Be3 Be6 10. O-O Qf6 11. Nd2 Qg6 12. Rb1 Nd8 13.
Bxb7 Nxb7 14. Rxb7 Bh3 15. Qa4+ Bd7 16. Qe4 Bf5 17. Qc6+ Bd7 18. Qg2 O-O 19.
Rfb1 Qh5 20. f3 Bh3 21. Qf2 f5 22. Bc5 Qg5 23. Bxd6 cxd6 24. Nf1 h5 25. f4 exf4
26. Qxf4 Qg6 27. Rd7 Qe6 28. Rbb7 Qf6 29. Qxd6 1-0

[Event "Sampa Chess Open 2024"]
[Site "Sao Paulo"]
[Date "2024.01.30"]
[Round "3.55"]
[White "De Bastiani, Tales Otavio"]
[Black "Dionisio, Alex Monteiro"]
[Result "0-1"]
[WhiteElo "1800"]
[BlackElo "1514"]
[PlyCount "60"]
[EventDate "2024.01.29"]
[EventRounds "9"]
[EventCountry "BRA"]

1. c4 Nf6 2. Nc3 g6 3. Nf3 Bg7 4. g3 d6 5. Bg2 c6 6. O-O O-O 7. d3 e5 8. Qc2 h6
({RR} 8... Re8 9. Rd1 Nbd7 10. Bd2 Qe7 11. Rac1 a5 12. Ne4 Nxe4 13. dxe4 Nc5
14. Be3 Bf6 15. Bxc5 dxc5 16. Rd3 Bg4 17. Rcd1 Red8 18. h4 Rxd3 19. Rxd3 Rd8
20. Kf1 Rxd3 21. Qxd3 Bxf3 22. Bxf3 h5 23. Bg2 {Andersson,U (2585)-Ree,H (2420)
Wijk aan Zee 1976 1/2-1/2 (58)}) ({RR} 8... Qe7 9. e4 a5 10. b3 Na6 11. h3 Bd7
12. Be3 b5 13. Rad1 a4 14. cxb5 axb3 15. axb3 Nb4 16. Qb1 c5 17. Nd2 Rfb8 18.
Nc4 Bxb5 19. Rd2 Bxc4 20. dxc4 Nc6 21. Nb5 Nd4 22. Bxd4 cxd4 23. Ra2 {Sypula,K
(1656)-Safanowski,T (1688) Warsaw POL 2021 1/2-1/2}) 9. a3 $146 ({RR} 9. b4 a5
10. Rb1 axb4 11. Rxb4 Na6 12. Rb1 Nc5 13. Nd2 Be6 14. Nde4 Nfxe4 15. Nxe4 Nxe4
16. Bxe4 f5 17. Bg2 Qd7 18. Bd2 b5 19. cxb5 Rxa2 20. Qc1 cxb5 21. Bc6 Qc7 22.
Bd5 Qf7 23. Bxa2 Bxa2 {Mammadova,N (2211)-Chanturia,T (2000) Batumi 2000 1-0 
(65)}) ({RR} 9. Rb1 Be6 10. b4 Qc7 11. Ba3 Rc8 12. Ne4 Ne8 13. Rfc1 Nd7 14. Qd2
a6 15. e3 Qd8 16. Qe2 b5 17. Bb2 Rab8 18. c5 d5 19. Nc3 a5 20. a3 Nc7 21. Nd2
Na6 22. Na2 d4 23. Ra1 Bxa2 {Schmitt,M-Gerigk,E Berlin West 1989 0-1 (39)}) ({
RR} 9. Bd2 Be6 10. Rab1 Qc8 11. Ne1 Bh3 12. f4 Bxg2 13. Kxg2 exf4 14. Bxf4 Ne8
15. Nf3 f5 16. Rbe1 Nd7 17. Bc1 Ne5 18. e3 Nxf3 19. Rxf3 Nf6 20. Ref1 Qd7 21.
Ne2 Nh5 22. Bd2 g5 23. d4 Qe6 {Valenti,R-Accouri,P Chartres 1990 0-1 (37)})
9... Be6 10. b4 Qd7 11. Be3 Bh3 12. Rfc1 Bxg2 13. Kxg2 Na6 14. Qd2 Ng4 15. h3
Nxe3+ 16. Qxe3 f5 17. d4 e4 18. Nd2 d5 19. c5 Nc7 20. Nb3 Ne6 21. f4 exf3+ 22.
exf3 f4 23. Qf2 fxg3 24. Qxg3 Rf5 25. Kh2 Rg5 26. Qh4 Rf8 27. Rf1 Rf4 28. Qf2
Qc7 29. Kh1 Nxd4 30. Nxd4 Bxd4 0-1

[Event "Sampa Chess Open 2024"]
[Site "Sao Paulo"]
[Date "2024.01.30"]
[Round "3.60"]
[White "Haraguchi, Melissa Mayumi Alve"]
[Black "Akamine, Isabelle Namie Nish"]
[Result "0-1"]
[WhiteElo "1751"]
[BlackElo "1800"]
[PlyCount "66"]
[EventDate "2024.01.29"]
[EventRounds "9"]
[EventCountry "BRA"]

1. e4 c5 2. Nf3 d6 3. d4 cxd4 4. Nxd4 Nf6 5. Bc4 e6 6. a3 $146 ({RR} 6. Bg5 Be7
7. h3 Qc7 8. O-O Qxc4 {0-1 (8) Rosal Lopez,D-Cueto Aller,F Asturias 2000}) ({RR
} 6. Nd2 Be7 7. O-O O-O 8. Re1 Nc6 9. Nxc6 bxc6 10. Bd3 e5 11. c4 Be6 12. b3 d5
13. Qc2 d4 14. c5 Qa5 15. Bb2 Qxc5 16. Qxc5 Bxc5 17. Rec1 Nd7 18. Rc2 Bb4 19.
Rac1 c5 20. Nc4 Rab8 {Antipov,M (2619)-Sakaev,K (2603) Sochi RUS 2021 0-1 (53)}
) ({RR} 6. O-O Be7 7. Qf3 O-O 8. Bb3 Nbd7 9. Rd1 a6 10. c4 Qc7 11. Bg5 Ne5 12.
Qe2 b6 13. Nd2 Bb7 14. Rac1 Rac8 15. f3 Qb8 16. Nf1 Rfe8 17. Bf4 Ned7 18. Bg5
h6 19. Bh4 Ne5 20. Qd2 Nxe4 {Lukey,S (2234)-Feldman,V (2369) Gold Coast 2001
0-1 (65)}) ({RR} 6. Qe2 Be7 7. O-O O-O 8. Nd2 a6 9. a3 Qc7 10. Bd3 Nbd7 11. b4
b5 12. c4 Ne5 13. cxb5 Qc3 14. N2b3 Qxd3 15. Qxd3 Nxd3 16. f3 axb5 17. Bd2 Bd7
18. Rfd1 Nb2 19. Rdc1 Nc4 20. Rc2 d5 {Kitzler,G (1546)-Feicht,A (2073)
Frankfurt 2012 0-1 (42)}) 6... Nbd7 7. O-O Be7 8. Nc3 a6 9. Be3 b5 10. Ndxb5
axb5 11. Bxb5 Bb7 12. Qd3 O-O 13. Rfe1 Ne5 14. Qd2 Nxe4 15. Nxe4 Bxe4 16. Bf4
Bf5 17. Re3 Bf6 18. Rb1 Rc8 19. Bd3 Nxd3 20. cxd3 e5 21. Bh6 gxh6 22. Rg3+ Bg5
23. Qe2 Bg6 24. b4 Rc3 25. Ra1 Qc7 26. Qd1 Rc8 27. h4 Bxh4 28. Kh2 Bxg3+ 29.
fxg3 Rxd3 30. Qg1 Qc2 31. b5 Rd2 32. Kh3 Bf5+ 33. Kh4 Qe4+ 0-1

[Event "Sampa Chess Open 2024"]
[Site "Sao Paulo"]
[Date "2024.01.31"]
[Round "4.1"]
[White "Santiago, Yago De Moura"]
[Black "Fier, Alexandr"]
[Result "0-1"]
[WhiteElo "2467"]
[BlackElo "2549"]
[PlyCount "114"]
[EventDate "2024.01.29"]
[EventRounds "9"]
[EventCountry "BRA"]

1. d4 Nf6 2. Nf3 e6 3. c4 Bb4+ 4. Bd2 Qe7 5. Nc3 Bxc3 6. Bxc3 Ne4 7. Rc1 O-O 8.
e3 Nxc3 9. Rxc3 d6 10. Be2 e5 11. O-O Nd7 12. b4 $146 ({RR} 12. e4 Nf6 13. dxe5
dxe5 14. Qc2 c5 15. Nd2 Ne8 16. Rd1 Nc7 17. Nf1 Ne6 18. Ne3 Nd4 19. Nd5 Qd6 20.
Qd2 Bd7 21. Rg3 Rae8 22. Bd3 h6 23. Ne3 Kh8 24. Be2 Rd8 25. Bd3 Rde8 26. Be2
Rd8 {Tuma,J (2275)-Folk,P (2228) Czechia 2012 1/2-1/2 (41)}) 12... e4 13. Nd2
Nf6 14. f3 exf3 15. Bxf3 c6 16. e4 a5 17. Ra3 Qc7 18. c5 Be6 19. Rd3 d5 20. e5
Nd7 21. a3 axb4 22. axb4 f6 23. exf6 Nxf6 24. Re3 Bf5 25. Re5 Bd3 26. Rfe1 Ra2
27. Nb1 Bc2 28. Qc1 Be4 29. Nd2 Bxf3 30. Nxf3 Ne4 31. Qe3 Qf7 32. Ng5 Nxg5 33.
Rxg5 Ra3 34. Qd2 Rd3 35. Qb2 Qf4 36. Rg3 Rd2 37. Qa1 Qf2+ 38. Kh1 Qxd4 39. Qxd4
Rxd4 40. Rb3 Re4 41. Ra1 Rc4 42. h3 h6 43. Kg1 Rff4 44. Rab1 Kf7 45. R3b2 Ke6
46. Kh2 Rfe4 47. Kg3 d4 48. Rf2 Rc3+ 49. Kh2 d3 50. Rf8 Kd5 51. Rf7 Kc4 52.
Rxb7 d2 53. Rd1 Rd4 54. Rb6 Rc1 55. Rxd2 Rxd2 56. Rxc6 Kxb4 57. Rb6+ Ka5 0-1

[Event "Sampa Chess Open 2024"]
[Site "Sao Paulo"]
[Date "2024.01.31"]
[Round "4.2"]
[White "Di Berardino, Diego Rafael"]
[Black "Flores Quillas, Diego Saul Rodri"]
[Result "0-1"]
[WhiteElo "2480"]
[BlackElo "2429"]
[PlyCount "74"]
[EventDate "2024.01.29"]
[EventRounds "9"]
[EventCountry "BRA"]

1. d4 Nf6 2. c4 e6 3. Nf3 Bb4+ 4. Bd2 a5 5. a3 Bxd2+ 6. Qxd2 d6 7. Nc3 Nc6 ({RR
} 7... O-O 8. g3 Nbd7 9. Bg2 e5 10. b3 exd4 11. Nxd4 Nb6 12. Ndb5 Nfd7 13. Qc2
a4 14. b4 Nxc4 15. Nd5 c6 16. Qxc4 Ne5 17. Qd4 cxb5 18. O-O Be6 19. Nc3 Qd7 20.
Qb6 Bc4 21. Rfd1 Rfd8 22. Qxb7 {Lysyj,I (2668)-Najer,E (2681) Sochi 2016 1-0 
(54)}) 8. e4 e5 $146 ({RR} 8... Qe7 9. Be2 e5 10. d5 Nd8 11. O-O O-O 12. b4 b6
13. Qg5 h6 14. Qh4 Bd7 15. Nd2 Nxd5 16. Qxe7 Nxe7 17. Nd5 Nxd5 18. cxd5 Nb7 19.
Rfc1 Rfc8 20. h3 Kf8 21. Bg4 Ke8 22. Bxd7+ Kxd7 23. Kf1 {Basso,P (2553)
-Rakhmatullaev,A (2183) chess.com INT 2021 1/2-1/2 (115)}) 9. d5 Ne7 10. c5 O-O
11. cxd6 cxd6 12. Be2 Nd7 13. O-O Nc5 14. Rad1 a4 15. Qc2 Ng6 16. g3 f5 17. Nd2
f4 18. Bf3 Bh3 19. Bg2 Qd7 20. f3 Bxg2 21. Kxg2 h5 22. Nc4 Ra6 23. Ne2 b5 24.
Nd2 Qe7 25. Kh1 fxg3 26. Rg1 Nf4 27. Nxf4 exf4 28. hxg3 Ra7 29. Rg2 Rc7 30. Qb1
Nd7 31. Rdg1 Ne5 32. Qf1 Rc2 33. Qxb5 fxg3 34. Rf1 Qh4+ 35. Kg1 Qf4 36. Qb4
Qe3+ 37. Kh1 Rf4 0-1

[Event "Sampa Chess Open 2024"]
[Site "Sao Paulo"]
[Date "2024.01.31"]
[Round "4.3"]
[White "De Menezes, Ricardo Fagner Dias"]
[Black "Ticona Rocabado, Licael Roderick"]
[Result "0-1"]
[WhiteElo "1675"]
[BlackElo "2350"]
[PlyCount "84"]
[EventDate "2024.01.29"]
[EventRounds "9"]
[EventCountry "BRA"]

1. d4 d5 2. c4 e6 3. Nf3 c6 4. Qc2 Nf6 5. g3 Be7 6. Bg2 O-O 7. O-O Nbd7 8. Nbd2
b6 9. Rd1 Ba6 10. b3 c5 11. dxc5 ({RR} 11. Bb2 Rc8 12. Rac1 b5 13. Qb1 bxc4 14.
bxc4 cxd4 15. Nxd4 e5 16. Nf5 d4 17. e3 dxe3 18. Nxe3 Bc5 19. Re1 Qb6 20. h3
Rfe8 21. Nb3 Bxe3 22. Rxe3 Bxc4 23. Rec3 Qe6 24. Ba3 e4 25. Nd4 Qd5 {Vitiugov,
N (2727)-Esipenko,A (2720) Ufa RUS 2021 1/2-1/2 (42)}) ({RR} 11. e4 dxc4 12. e5
Nd5 13. bxc4 Nb4 14. Qc3 Qc7 15. dxc5 bxc5 16. Ne4 Nb6 17. Nd6 Rad8 18. Bf4 Nc8
19. a3 Nc6 20. Nb5 Qa5 21. Qb3 Nb6 22. Bf1 Qa4 23. Qxa4 Nxa4 24. Rdc1 Rd7 25.
Rab1 Nd4 {Borhy,M (2387)-Royal,S (2181) Budapest HUN 2021 1/2-1/2 (31)}) 11...
Bxc5 12. Bb2 Qe7 $146 ({RR} 12... b5 13. cxd5 Qb6 14. e3 Rac8 15. Qd3 exd5 16.
Bf1 Rfe8 17. a4 Rb8 18. Bd4 Bxd4 19. exd4 Qd6 20. Qf5 b4 21. Bxa6 Qxa6 22. Ne5
Nf8 23. Rac1 Ne6 24. Nc6 Rbc8 25. Nxb4 Rxc1 26. Rxc1 Qa5 27. Rc4 {Marchena
Hurtado,J (2316)-Huerga Leache,M (2434) Zornotza 2015 0-1 (49)}) ({RR} 12...
Rc8 13. a4 Qe7 14. e3 Rfd8 15. h3 Bb4 16. Bf1 Bb7 17. Bg2 Ba6 18. Nd4 Nb8 19.
Nb5 Bxd2 20. Rxd2 Bxb5 21. axb5 Ne8 22. Be5 dxc4 23. bxc4 f6 24. Rxd8 Rxd8 25.
Bb2 Qc7 26. Qe4 e5 27. Qg4 {Biegel,T (1975)-Rauscher,J (1697) Frankfurt 2014
1-0 (31)}) 13. h3 Rac8 14. Rac1 dxc4 15. bxc4 Bb7 16. e3 Rfd8 17. Ne1 Bxg2 18.
Kxg2 Ba3 19. Nb3 Bxb2 20. Qxb2 Nc5 21. Nxc5 Qxc5 22. Rxd8+ Rxd8 23. Qb5 Ne4 24.
Qxc5 Nxc5 25. Rc2 f6 26. Nf3 e5 27. h4 Kf7 28. g4 Ke6 29. Ng1 Rc8 30. Nf3 Ne4
31. a4 Rc5 32. Ne1 Nd6 33. Ra2 Nxc4 34. Nd3 Ra5 35. Nb4 Kd6 36. Rc2 Rc5 37. Rc3
a5 38. Rd3+ Ke6 39. Na2 Nb2 40. Ra3 Rc4 41. Nc3 Rxg4+ 42. Kh3 Rb4 0-1

[Event "Sampa Chess Open 2024"]
[Site "Sao Paulo"]
[Date "2024.01.31"]
[Round "4.18"]
[White "Passos, Marco Aurelio Novae"]
[Black "Terra, Bruno De Oliveira"]
[Result "1-0"]
[WhiteElo "1671"]
[BlackElo "1800"]
[PlyCount "41"]
[EventDate "2024.01.29"]
[EventRounds "9"]
[EventCountry "BRA"]

1. e4 c6 2. c4 d5 3. cxd5 cxd5 4. exd5 Qxd5 5. Nc3 Qd8 6. d4 Nf6 7. Bc4 e6 8.
Nf3 Be7 9. O-O O-O 10. Re1 Nbd7 11. Qe2 Nb6 12. Bd3 Bd7 13. Ne5 Rc8 14. Be3 Bc6
15. Rac1 Nbd5 16. Bb1 $146 ({RR} 16. Nxc6 bxc6 17. Na4 Qa5 18. b3 Nxe3 19. Qxe3
Nd5 20. Qe4 g6 21. h4 Rfd8 22. Bc4 Bf6 23. g3 Ne7 24. Bxe6 fxe6 25. Qxe6+ Kg7
26. Nc5 Rxd4 27. h5 gxh5 28. Qh3 Rd5 29. b4 Qxb4 30. Ne6+ Kh8 {Collas,S (2372)
-Costagliola,M (2252) Chartres 2005 0-1 (38)}) 16... Re8 17. Red1 Nd7 18. Bxh7+
Kxh7 19. Qh5+ Kg8 20. Qxf7+ Kh7 21. Qg6+ 1-0

[Event "Sampa Chess Open 2024"]
[Site "Sao Paulo"]
[Date "2024.01.31"]
[Round "4.22"]
[White "Santos, Marcus Vinicius Mor"]
[Black "Aragao Neto, Joao Batista"]
[Result "1-0"]
[WhiteElo "2331"]
[BlackElo "1585"]
[PlyCount "83"]
[EventDate "2024.01.29"]
[EventRounds "9"]
[EventCountry "BRA"]

1. d4 Nf6 2. Nf3 d5 3. c4 e6 4. g3 Bb4+ 5. Bd2 Be7 6. Bg2 c6 7. Qc2 O-O 8. O-O
b6 9. Bf4 Bb7 10. Rd1 Nbd7 11. b3 Nh5 12. Bc1 Nhf6 13. Nc3 Rc8 14. e4 dxe4 15.
Ng5 h6 16. Ngxe4 Nxe4 17. Qxe4 ({RR} 17. Nxe4 Nf6 18. c5 Nd5 19. a3 a5 20. Bf1
Qc7 21. Bd2 Rfd8 22. b4 axb4 23. Bxb4 Ra8 24. cxb6 Qxb6 25. Bxe7 Nxe7 26. Nc5
Bc8 27. a4 Ra5 28. Nb3 Rad5 29. a5 Qa7 30. a6 Bd7 31. Bc4 Rd6 {Beliavsky,A 
(2659)-Mitkov,N (2547) Panormo 2001 1-0 (40)}) 17... Re8 $146 ({RR} 17... Nf6
18. Qe2 Qd7 19. Bf4 Rfd8 20. Rac1 Ba8 21. Be5 Qe8 22. Rd3 Qf8 23. Rcd1 Rd7 24.
Ne4 Nxe4 25. Bxe4 Bb7 26. Bf4 a5 27. Be3 Bf6 28. R3d2 Be7 29. d5 cxd5 30. cxd5
Bxd5 31. Bxd5 exd5 32. Bxb6 {Dzhumagaliev,Y (2303)-Kretov,E (2217) Belgorod
2008 1-0 (55)}) 18. Bf4 Bg5 19. h4 Nf6 20. Qf3 Bxf4 21. Qxf4 Qc7 22. Qe5 Qb8
23. c5 Nd5 24. Ne4 bxc5 25. Qxb8 Rxb8 26. dxc5 Red8 27. Nd6 Rd7 28. Bf1 Rbd8
29. Rd4 Ne7 30. Rb4 Ba8 31. Ba6 Nd5 32. Ra4 Nc7 33. Bc8 Nb5 34. Bxd7 Nxd6 35.
Rxa7 Nb5 36. Rxa8 Rxa8 37. Bxc6 Rb8 38. Bxb5 Rxb5 39. Rc1 Rb8 40. c6 Kf8 41. c7
Rc8 42. b4 1-0

[Event "Sampa Chess Open 2024"]
[Site "Sao Paulo"]
[Date "2024.01.31"]
[Round "4.24"]
[White "De Brito E Silva, William"]
[Black "Vargas, Goncalo Cintra"]
[Result "0-1"]
[WhiteElo "1549"]
[BlackElo "2041"]
[PlyCount "99"]
[EventDate "2024.01.29"]
[EventRounds "9"]
[EventCountry "BRA"]

1. d4 f5 2. Nf3 Nf6 3. c4 e6 4. g3 b6 5. Bg2 Bb7 6. O-O Be7 7. d5 exd5 ({RR} 
7... Qc8 8. Nc3 O-O 9. Nd4 c5 10. Ndb5 a6 11. Na3 d6 12. Nc2 e5 13. Bh3 b5 14.
e4 g6 15. Bh6 b4 16. Na4 Nxe4 17. Nb6 Qd8 18. Bxf8 Bxf8 19. Nxa8 Bh6 20. a3 Nd2
21. axb4 Bxa8 22. bxc5 {Wojtkiewicz,A (2571)-Blatny,P (2494) Dos Hermanas 2004
1-0 (58)}) 8. Nd4 g6 9. Nc3 c5 10. Nb3 $146 ({RR} 10. Ndb5 a6 11. Nxd5 axb5 12.
Nxf6+ Bxf6 13. Bxb7 Ra7 14. Bd5 b4 15. e4 Bd4 16. exf5 Qf6 17. Bf4 Nc6 18. Qd2
h6 19. Bxh6 Ne5 20. fxg6 Qxg6 21. Be3 Qh5 22. f4 Bxe3+ {0-1 (22) Beitar,H 
(2255)-Nishimura,H Luzern 1982}) ({RR} 10. Nc2 Na6 11. Ne3 Nc7 12. Nexd5 Ncxd5
13. Nxd5 Nxd5 14. Bxd5 Qc7 15. Bf4 d6 16. Qa4+ Kd8 17. Rad1 Kc8 18. b4 g5 19.
bxc5 Bxd5 20. cxd6 Qc6 21. Qa6+ Qb7 22. Qxb7+ Bxb7 23. Be5 Rg8 24. dxe7 Ba6 {
Ludvik,T (2346)-Panko,E (1952) Bratislava SVK 2019 1-0 (39)}) ({RR} 10. Nc2 Qc8
11. Nxd5 Nxd5 12. Bxd5 Bxd5 13. Qxd5 Qc6 14. Qd3 Na6 15. a3 Nc7 16. Bf4 Ne6 17.
Ne3 Bf6 18. Qd2 Nd4 19. Nd5 Kf7 20. Nxf6 Qxf6 21. Be3 Rhe8 22. Rad1 d5 23. Bxd4
cxd4 24. cxd5 Rad8 {Vukic,M (2399)-Bukvic,M (2153) Belgrade 2015 1-0 (41)})
10... Qc8 11. Nxd5 Nxd5 12. cxd5 d6 13. Bh6 Nd7 14. Rc1 Bf6 15. Qd2 Qd8 16. h4
Qe7 17. e4 fxe4 18. Rfe1 O-O-O 19. Rxe4 Qf7 20. Re6 Nf8 21. Bxf8 Rhxf8 22. Qf4
Bxb2 23. Qxf7 Rxf7 24. Rce1 Bf6 25. Nd2 Bc3 26. Rd1 Bxd2 27. Rxd2 Kb8 28. f4
Bc8 29. Re3 Bg4 30. Kf2 Rdd7 31. Bf3 Bxf3 32. Kxf3 Rde7 33. Re6 Kc7 34. Rde2
Rd7 35. g4 b5 36. h5 gxh5 37. gxh5 Rf5 38. Kg4 Rxd5 39. f5 Rg7+ 40. Kf4 Rd4+
41. Kf3 Rg5 42. f6 Rxh5 43. Re7+ Kc6 44. Kg3 Rg5+ 45. Kh3 Rf5 46. Rf7 Rf3+ 47.
Kg2 Rdf4 48. Re6 Kd5 49. Ree7 Rxf6 50. Rxa7 0-1

[Event "Sampa Chess Open 2024"]
[Site "Sao Paulo"]
[Date "2024.01.31"]
[Round "4.25"]
[White "Desideri, Ricardo Maruchi"]
[Black "Matiuci, Bernardo Steinle"]
[Result "0-1"]
[WhiteElo "1959"]
[BlackElo "1546"]
[PlyCount "82"]
[EventDate "2024.01.29"]
[EventRounds "9"]
[EventCountry "BRA"]

1. e4 c5 2. Nf3 Nc6 3. d4 cxd4 4. Nxd4 Nf6 5. Nc3 e5 6. Ndb5 d6 7. Nd5 Nxd5 8.
exd5 Nb8 9. a4 Be7 10. Bd2 a6 ({RR} 10... O-O 11. a5 a6 12. Na3 Nd7 13. Nc4 f5
14. Bb4 Rf6 15. Qd2 Rg6 16. g3 e4 17. h4 b5 18. axb6 Nxb6 19. Na5 Bd7 20. O-O-O
Bf6 21. Nc6 Qe8 22. Kb1 Kh8 23. h5 Rh6 24. Qe3 Na4 25. c3 {Nepomniachtchi,I 
(2775)-Caruana,F (2819) Zagreb CRO 2019 1-0 (50)}) ({RR} 10... Nd7 11. Bb4 O-O
12. a5 Nf6 13. Be2 a6 14. Na3 b5 15. axb6 Qxb6 16. c3 Bb7 17. Nc4 Qc7 18. Ra5
Nd7 19. O-O f5 20. Qa4 e4 21. Kh1 f4 22. Nd2 Nf6 23. Re1 Kh8 24. Bxa6 Bxd5 25.
Bc4 {Yuffa,D (2567)-Gelfand,B (2663) Warsaw POL 2021 0-1 (36)}) 11. Na3 b6 12.
Nc4 Nd7 13. Be2 $146 ({RR} 13. Bb4 Qc7 14. a5 b5 15. Ne3 Nc5 16. c4 bxc4 17.
Nxc4 O-O 18. Nb6 Rb8 19. Rc1 Qd8 20. Ba3 Ne4 21. Bd3 f5 22. O-O Nc5 23. Bc4 Kh8
24. b4 Ne4 25. Qe2 Bg5 26. Rc2 Rxb6 27. axb6 Qxb6 {Mrva,M (2427)-Najgebauer,S 
(2214) Tatranske Zruby 2013 1-0 (35)}) 13... O-O 14. Bb4 Qc7 15. O-O f5 16. f4
e4 17. c3 a5 18. Ba3 Ba6 19. b3 Nc5 20. Re1 Nxa4 21. Rc1 Nc5 22. Bb2 Rfc8 23.
b4 Nd3 24. Bxd3 Bxc4 25. Bc2 Qb7 26. Bb3 Bf6 27. Ba3 a4 28. Bxc4 Rxc4 29. b5
Qd7 30. Qe2 Rac8 31. Rc2 Rxc3 32. Rec1 Rxc2 33. Rxc2 Rxc2 34. Qxc2 Qxb5 35.
Qc8+ Kf7 36. Qxf5 Qb1+ 37. Bc1 Qxc1+ 38. Kf2 Qd2+ 39. Kg3 Qd3+ 40. Kg4 Qe2+ 41.
Kh3 h5 0-1

[Event "Sampa Chess Open 2024"]
[Site "Sao Paulo"]
[Date "2024.01.31"]
[Round "4.26"]
[White "Pironti, Francisco Ferrari"]
[Black "Barberi, Catarina"]
[Result "1-0"]
[WhiteElo "1953"]
[BlackElo "1524"]
[PlyCount "75"]
[EventDate "2024.01.29"]
[EventRounds "9"]
[EventCountry "BRA"]

1. c4 e6 2. Nf3 Nf6 3. g3 d5 4. Bg2 Be7 5. O-O O-O 6. d4 b6 7. Qc2 Bb7 8. Rd1
c5 $146 ({RR} 8... Nbd7 9. Nc3 Qc8 10. cxd5 exd5 11. Bf4 Ne8 12. Ne5 Ndf6 13.
Rac1 Nd6 14. Qa4 Qe8 15. Qb3 c6 16. f3 Nh5 17. e4 Nxf4 18. gxf4 Rd8 19. Kh1 f6
20. exd5 cxd5 21. Nxd5 Bxd5 22. Qxd5+ Nf7 23. Qb3 {Opocensky,K-Spacenkopf,J
Nice 1938 0-1 (31)}) ({RR} 8... Na6 9. a3 c5 10. cxd5 exd5 11. Nc3 Qc8 12. Bf4
h6 13. Nh4 Ne4 14. Nxd5 Bxd5 15. Bxe4 Bxe4 16. Qxe4 Bxh4 17. gxh4 Qg4+ 18. Kh1
Rfe8 19. Qf3 Qxf3+ 20. exf3 cxd4 21. Rxd4 Nc5 22. Rd5 Rad8 23. Rxd8 {Vila
Gazquez,X (2457)-Del Rio de Angelis,S (2560) Navalmoral 2009 1-0 (52)}) ({RR} 
8... Na6 9. a3 dxc4 10. Qxc4 c5 11. e3 Rc8 12. Qe2 cxd4 13. Nxd4 Bxg2 14. Kxg2
Qd5+ 15. Kg1 Nc5 16. Nc3 Qb7 17. Bd2 g6 18. f4 Rfd8 19. Rac1 Bf8 20. b4 Ncd7
21. Qf3 Qxf3 22. Nxf3 a6 23. e4 {Koay,Y (1589)-Liong,I (2077) Penang MAS 2019
1/2-1/2 (43)}) ({RR} 8... Nbd7 9. cxd5 Nxd5 10. Nc3 c6 11. e4 Nb4 12. Qb1 Nf6
13. a3 Na6 14. e5 Nd5 15. Ne4 f5 16. exf6 gxf6 17. Bh6 Rf7 18. Re1 Nac7 19. Bh3
Bc8 20. Qc2 Bd7 21. Re2 Kh8 22. Rae1 Qg8 23. Qc1 {Chemes,L-Garcia Vera,O Santa
Fe 1948 0-1 (69)}) ({RR} 8... dxc4 9. Qxc4 Nbd7 10. Nc3 Rc8 11. Ne5 Bxg2 12.
Kxg2 c5 13. Qa4 Qc7 14. Nxd7 Nxd7 15. Bf4 Qb7+ 16. Kg1 a6 17. d5 b5 18. Qe4 Nf6
19. Qg2 exd5 20. Nxd5 Nxd5 21. Rxd5 Bf6 22. Be5 Bxe5 23. Rxe5 {Zemaitis,
H-Mazukevich,A Vilnius (Lithuania) 1974 1-0 (35)}) 9. dxc5 Bxc5 10. cxd5 exd5
11. Nc3 Qe7 12. Bg5 Na6 13. Nd4 Qe5 14. Bf4 Qe7 15. a3 Bxd4 16. Rxd4 Nc7 17.
Bxc7 Qxc7 18. Qd3 Qe5 19. Rd1 h6 20. e3 Rac8 21. Ra4 Ra8 22. Qd4 Qe8 23. Qf4
Ne4 24. Nxe4 dxe4 25. Bxe4 Bxe4 26. Qxe4 Qb5 27. Rb4 Qc5 28. Rbd4 Rac8 29. Qd3
Qe5 30. b4 Qe6 31. Rd7 Ra8 32. Qd5 Qg6 33. Rc1 Qf6 34. Rcc7 a5 35. Rxf7 Rxf7
36. Rxf7 Qa1+ 37. Kg2 Rf8 38. Rf6+ 1-0